| 000 | 00479nam a2200169Ia 4500 | ||
|---|---|---|---|
| 003 | LK-CoDNM | ||
| 008 | 010623t1988 xxu||||| |||| 00| 1 sin d | ||
| 040 |
_aLK-CoDNM _dLK-CoDNM _eLK-CoDNM |
||
| 041 | _asin | ||
| 080 | _a(x) 398.54 [3] DIS | ||
| 100 | _aDissanayaka,Mudiyanse | ||
| 245 | _aකොහොඹා යක් කංකාරිය සහ සමාජය | ||
| 246 | _aKohobayak Kankariya saha Samajaya | ||
| 260 |
_b _c1988 |
||
| 300 | _b180p, 21 cm | ||
| 942 | _cBK | ||
| 999 |
_c114010 _d114010 |
||